| 000 | 00820nam a2200265Ia 4500 | ||
|---|---|---|---|
| 003 | OSt | ||
| 005 | 20220918164328.0 | ||
| 006 | a|||||r|||| 00| 0 | ||
| 007 | ta | ||
| 008 | 220917b |||||||| |||| 00| 0 eng d | ||
| 020 | _a0521537444 (pbk) | ||
| 024 | _a232,425 | ||
| 037 |
_b9915, 12/10/2007, Overseas Press _cTextual |
||
| 040 |
_aARTS _cARTS _beng |
||
| 041 |
_2eng _aeng |
||
| 082 | _aP:(R), P4 | ||
| 100 |
_aHanna Patricia _918348 |
||
| 245 | 0 |
_aWord and world _b practice and the foundations of language |
|
| 260 |
_aNew York _bCambridge University Press _c2004 |
||
| 300 |
_aix, 420p. _ccm. |
||
| 650 | _aLINGUISTICS | ||
| 700 |
_a Harrison Bernard _918349 |
||
| 942 |
_hP:(R), P4 _cTEXL _2CC |
||
| 999 |
_c124277 _d124277 |
||